000 00569nam a22001817a 4500
005 20250917121804.0
010 _aENG-146849
020 _a9788182060654
_c350.00
035 _aEN-130381
037 _bDBAD
082 _a921
100 _aBakshi, D.N.Guha
_985098
245 _aDr.Shyamaprasad Mookherjee: The Nationalist, Educationist and Champion Humanity/
_cD.N.Guha Bakshi
260 _aKolkata
_bTowards Freedom
_c2022
270 _aM.K. Bagchi Towards Freedom
_bKolkata
_e700091
300 _a150p.
_c21cm(pbk)
942 _2ddc
_cEN
_h921
_mBAK
999 _c213320
_d213320